000 00546nam a2200205 a 4500
001 17343
003 CO-ViMGA
008 141112s2004 ck r 000 u spa d
020 _a844802057X
040 _aCO-ViMGA
_bspa
_cCO-ViMGA
082 0 4 _aBRIb
100 1 _aBrightfield, Richard
_924667
245 1 0 _aEl bosque tenebroso
260 _aBarcelona (España),
_cTimun Mas,
_c1997
300 _a84.p.
490 _aElige tu propio escalofrío
650 1 4 _aCUENTOS DE FANTASMAS
_916121
650 1 4 _aCUENTOS DE TERROR
_91077
942 _2ddc
_cBK
999 _c26898
_d26898